000 00619nam a22001697a 4500
999 _c13982
_d13982
008 190724b ||||| |||| 00| 0 eng d
082 _22018
_aUT 1330
_bB41
100 _aReal Joy Beloria
_938918
245 _aPerception on the implementation of EO No. 26 of 2017 in public places/
_cReal Joy Beloria, Marlyn Cayog and Aljun Merka
260 _aDigos City:
_bUMDC
_cNovember 2018
300 _a43 pages.
_c30 cm.
650 _aBachelor of Science
_vCriminology
_xUndergraduate thesis:
_938899
700 _aBeloria, Real Joy
_938919
700 _aCayog, Marlyn
_938920
700 _aMerka, Aljun
_938921
942 _2ddc
_cUT